Το ψητοπωλείο της Βασίλισσας Πέντωκ

Αποθηκεύτηκε σε:
Λεπτομέρειες βιβλιογραφικής εγγραφής
Κύριος συγγραφέας: France, Anatole, 1844-1924
Άλλοι συγγραφείς: Παπαλεξάνδρου, Κωνσταντίνος Θ., 1891-1978 (Μεταφραστής)
Μορφή: Βιβλίο
Γλώσσα:Greek
French
Δημοσίευση: Αθήναι : Παπαδημητρίου, [1952].
Σειρά:100 αθάνατα έργα ; 29
Θέματα:
Ετικέτες: Προσθήκη ετικέτας
Δεν υπάρχουν, Καταχωρήστε ετικέτα πρώτοι!

MARC

LEADER 00000cam a2200000 i 4500
001 1/98428
008 081128s1952 gr | ||| |||| ||gre||
035 |l 10102088 
040 |a GR-MY-UA  |b gre  |e aacr 
041 1 |a gre  |h fre 
082 7 |a 843.91   |2 (22) 
100 1 |a France, Anatole,   |d 1844-1924. 
245 1 3 |a Το ψητοπωλείο της Βασίλισσας Πέντωκ /   |c Α. Φρανς ; μετάφραση: Κων. Θ. Παπαλεξάνδρου.  
260 |a Αθήναι :   |b Παπαδημητρίου,   |c [1952].  
300 |a 210 σ. ;   |c 21 εκ. 
490 1 |a (100 αθάνατα έργα ;   |v 29) 
500 |a Τίτλος πρωτοτύπου: La Rotisserie de la Reine Pedauque.  
650 0 0 |a French fiction  |y 20th century. 
700 1 |a Παπαλεξάνδρου, Κωνσταντίνος Θ.,   |d 1891-1978,  |e trl 
830 0 |a 100 αθάνατα έργα ;  |v  29 
852 |a INST  |b RHODES  |c AKA  |e 20081128  |h  843.91 FRA  |p 005400028215  |q 005400028215  |t BK  |y 0 
901 |a BIBL4-2008-3 
970 |a ΚΟΖΑ  |b ΜΑΡΙΑ  |z 2008/11/28